Les pays plus grands que le Nigeria- Mort subite - Statistiques

Statistiques générales
  • Ce quiz a été pris 141 fois
  • Le résultat moyen est 4 sur 11
Answers on the Grid
Answers color-coded by a green-red scale on the quiz's grid according to % correct below.
Zambie
Niger
Mongolie
Turquie
Iran
Chili
Mali
Mexique
Birmanie
Soudan du Sud
Tchad
Soudan
Indonésie
Pakistan
Libye
Colombie
France
Namibie
Tanzanie
Venezuela
 
Statistiques - réponses
Réponse % Correct
Mongolie
59%
Mexique
56%
Iran
47%
Niger
41%
Soudan
35%
Indonésie
33%
Libye
31%
Tchad
23%
Mali
21%
Colombie
20%
Tanzanie
9%
Aucun quiz correspondant
Distribution des résultats
% des personnes avec chaque résultat
Percentile par nombre de réponses
Votre historique - résultats
Vous n’avez pas pris ce quiz